Random Knowledge Quiz #27 - Statistics

General Stats
  • This quiz has been taken 173 times
  • The average score is 10 of 15
Answer Stats
Question Answer % Correct
If aurora borealis are the northern lights, what are aurora australis? Southern lights
95%
According to superstition, how many years of bad luck does breaking a mirror cause? Seven
89%
Where are going if you leave from Platform 9 3/4 at King's Cross station in London? Hogwarts
86%
Which card game has cards like Reverse, Skip, and Draw 2? Uno
81%
What is the most eaten food in the world? Rice
79%
Where will the Olympics be held in 2024? Paris
72%
What are Victoria's Secret models called? Victoria's Secret Angels
68%
Finish these lyrics: "Spiderman, Spiderman / Does whatever..." A spider can
66%
Who is the host of Planet Earth and Blue Planet? David Attenborough
63%
Which American actress became the Princess of Monaco in 1956? Grace Kelly
56%
What is the combined event in athletics consisting of ten track and field events called?
Decathlon
55%
What mythical creature in European folklore puts people to sleep and encourages beautiful dreams? The Sandman
54%
What does despacito mean in English? Slowly
40%
How does Mary Poppins describe something that is extraordinarily good or wonderful? (Exact spelling) Supercalifragilisticexpialidocious
39%
Which European airline used to be called Aero Ltd. before changing to its current name in 1968? Finnair
12%
No matching quizzes found
Score Distribution
Percent of People with Each Score
Percentile by Number Answered
Your Score History
You have not taken this quiz